Escudos de la Liga Formoseña de fútbol - Estadísticas

Estadísticas generales
  • Esta prueba ha sido intentada 13 veces
  • La puntuación promedio es 6 de 20
Estadísticas de respuestas
Imagen Respuesta % Correcto
San Martín de Formosa
100%
Sol de América
100%
1° de Mayo
83%
Chacra 8
67%
San Lorenzo de Formosa
67%
Sportivo Patria
67%
Defensores de Evita
50%
8 de Diciembre
33%
Fontana
33%
Defensores del Rosario
17%
Avellaneda
0%
Defensores de Herradura
0%
Estudiantes del San Francisco
0%
Inter de Barrio Obrero
0%
Libertad de Eva Perón
0%
Municipal de Laishí
0%
San Agustín
0%
San José Obrero
0%
Sol de Mayo de Formosa
0%
Villa Jardín
0%
No se encontraron pruebas coincidentes
Distribución de puntuación
Porcentaje de gente con cada puntuación
Porcentaje por número respondido
Historial de tus puntuaciones
No has intentado esta prueba.